KOHA-Header-6

CCNP Exam Notes:Advanced Cisco Router Configuration (Record no. 8288)

000 -LEADER
fixed length control field 00283nam a2200109Ia 4500
100 ## - MAIN ENTRY--AUTHOR NAME
Personal name Lammle,Todd
245 #0 - TITLE STATEMENT
Title CCNP Exam Notes:Advanced Cisco Router Configuration
260 ## - PUBLICATION, DISTRIBUTION, ETC. (IMPRINT)
Place of publication UK
Name of publisher Prentice Hall
Year of publication 2001
300 ## - PHYSICAL DESCRIPTION
Number of Pages 779
942 ## - ADDED ENTRY ELEMENTS (KOHA)
Koha item type Books
Holdings
Withdrawn status Lost status Collection code Permanent Location Current Location Shelving location Date acquired Full call number Accession Number Koha item type
    Computer Networking MAJU MAJU   2019-09-13 005.12 2899 Computer Networking

Powered by Koha